Регионална библиотека "Любен Каравелов" - Русе

Професионални болести от пренапрежение (Запис номер 118848)

MARC детайли
000 -Лидер
Контролно поле с фиксирана дължина 01297nam a2200313 c 4500
003 - Код на организацията, давaща контролен номер
Контролно поле BLK
005 - Дата и час на последна редакция
Контролно поле 20180422110546.0
008 - Елементи от данни с фиксирана дължина
fixed length control field 180409b bul|||||r ||||||| ||bul||
010 ## - Наследен системен номер
LC control number KNG00124459000
040 ## - Източник на каталожния запис
Идентификатор на билиотеката - собственик на записа BLK
041 ## - Код за език
Код за езика на текст/звукозапис или на отделно заглавие Български
Код за езика КДБФ Български
080 ## - УДК
Текстов определител УДК Професионални вредности. Хигиена на труда. вж и 331.47 ; 614.8 ; 628.5
УДК код - определител по УДК 613.6
УДК определител
УДК - код + определител 613.6
100 1# - Редна дума - Автор
Автор Алексиев, Борислав
Авторска отговорност първи автор
R(LIN) 376669
139 ## - Редно поле
Редна дума Алексиев, Борислав
Авторски знак Алекси - А 52
245 10 - Сведения за заглавието
Заглавие Професионални болести от пренапрежение
Редно поле (дума) Борислав Алексиев.
257 ## - Страна на издаване
Страна на създаване/издаване България
260 ## - Област на издателските данни
-- София
Име на издателя, разпространителя и проч. Медицина и физкултура
Година на издаване 1967
300 ## - Физическа характеристика
Страници 24 с.
Размери/Мащаб 18 см
380 ## - Жанр
Жанр Медицина
490 1# - СЕРИИ (Колекции)
Име на серия Библиотека Здравни беседи за работника
№: серия 6
500 ## - Общи забележки
Забележка Изд. на Инст. за здравна просв.
650 #4 - Допълнително описание по предмет – тема
Основно описание – тема или топоним Хигиена на труда
9 (RLIN) 272255
653 ## - Ключова дума – ненормативна
Ключова дума професионални заболявания
852 ## - Местоположение
Форматна сигнатура Цб І 9493
856 4# - Електронен адрес и достъп
Електронен формат pdf - файл
Път до файла /url/
856 4# - Електронен адрес и достъп
Електронен формат pdf - файл
Път до файла /url/
942 ## - АРТИКУЛИ
Вид на библиотечния материал Книги
Скрит в OPAC Не
944 ## - СЪЗДАВАНЕ И РЕДАКЦИЯ на ЗАПИСА
Създаване/Редакция Създаване
Дата на регистрацията/редакция 21.07.2011
Статус, дата на статуса 21.07.2011 - от С1,Р / 21.07.2011
Служител, извършил регистрацията/редакцията Диана_Димитрова
944 ## - СЪЗДАВАНЕ И РЕДАКЦИЯ на ЗАПИСА
Създаване/Редакция Редакция
Дата на регистрацията/редакция 21.07.2011
Статус, дата на статуса 21.07.2011 - от С1,Р / 21.07.2011
Служител, извършил регистрацията/редакцията
999 ## - СИСТЕМНИ КОНТРОЛНИ НОМЕРА
Koha biblionumber 118848
Koha biblioitemnumber 118848
Наличности
Код за отписване Код за изгубен артикул Източник на класификационната схема Код за повреда Коз за рестрикции Код за отдаване Артикулен № Име на библиотеката - собственик Име на библиотеката, в която се намира в момента Статус (Текущо местоположение) Дата на вписване в системата Местоположение - отдел Цена в лева Инвентарен номер Систематично азбучна сигнатура Баркод Номер на екземпляра Цена в евро Служебна бележка Служебен тип на артикула
  Не е изгубен Universal Decimal Classification Не е повреден без рестрикции ползва се в читалня 191646 Регионална библиотека "Любен Каравелов" Русе Регионална библиотека "Любен Каравелов" Русе Хранилище 1967-01-01 Хранилище 0.05 13259/67 Цб І 9493 900000029928 1 0.03 Дост: Dp Вид: Д N: стар фонд Дата: 01.01.1967 Книги
Изтеглен Не е изгубен Universal Decimal Classification Не е повреден без рестрикции заемане за дома 191647 Регионална библиотека "Любен Каравелов" Русе Регионална библиотека "Любен Каравелов" Русе Заемна - подръчен фонд 1967-01-01 Заемна - подръчен фонд 0.00 17243/67 П 616.057/А 52 17243/67 2 0.00 Дост: Pk Вид: Ф N: стар фонд Дата: 01.01.1967 Книги
Vip Innovations Ltd, Rousse, Bulgaria 2025